| 000 | 01072cam a2200253a 44500 | ||
|---|---|---|---|
| 003 | OSt | ||
| 005 | 20150408113731.0 | ||
| 008 | 030315s1979 le g 00000 ara dd | ||
| 040 |
_aSA-RiAUC _bara _cSA-RiAUC |
||
| 041 | _aعربي | ||
| 072 |
_a045 _xاللغة العربية |
||
| 082 | 0 | 4 | _a415.1 |
| 092 |
_a415.1 _bهـ ج م |
||
| 100 | 1 |
_aابن هشام، عبد الله بن يوسف بن أحمد، _d708-761 هـ. _91132 |
|
| 245 | 1 | 0 |
_aمغني اللبيب عن كتب الأعاريب / _cلجمال الدين بن هشام الأنصاري ؛ حققه وعلق عليه مازن المبارك، محمد علي حمد الله ؛ راجعه سعيد الأفغاني. |
| 250 | _aط. 5. | ||
| 260 |
_aبيروت _bدار الفكر، _c1399 = 1979 |
||
| 300 |
_a1013 ص. ؛ _c24 سم. 7 |
||
| 650 |
_aاللغة العربية _xالنحو _2aucsh.1 |
||
| 700 |
_aالمبارك، مازن _eمحقق.1 _91143 |
||
| 700 |
_aحمد الله، محمد علي _eمحقق.1 _91144 |
||
| 700 |
_aالأفغاني، سعيد _eمراجع.\\ _91145 |
||
| 942 |
_2ddc _cBOOK |
||
| 999 |
_c1736 _d236236 |
||